000 01039nam a22002777a 4500
001 8150
003 FISKH
005 20250828161230.0
008 250828b cb ||||| |||| 00| 0 eng d
020 _a9781407109817
040 _aFISKH
_beng
_cFISKH
_dFISKH
050 _aPZ7
082 _a823.914
100 _aTemperley, Alan
245 _aHarry and the Wrinklies /
_cAlan Temperley
250 _aThis edition published in 2009
260 _aLondon :
_bScholastic,
_c1997
300 _a274 pages :
_billustrations ;
_c20 cm
505 _aR
520 _aWhen the orphaned Harry is sent to live with his elderly aunts, he gets the shock of his life. His aunts are far from the dull, frail old ladies he's expecting - Harry discovers he's living with a gang of cat-burglars| Now all he has to do is persuade them to let him join in their daring adventures.
521 8 _a760
_bLexile
521 8 _aR
_bRaz-Plus
650 _aAdventure
_vJuvenile Fiction
_xChildren's Fiction
942 _2ddc
_cBK
_n0
999 _c8150
_d8150